السلطة التقديرية للقاضي في الفقه الاسلامي

Bibliographic Details
Main Authors: بركات، محمود محمد ناصر (Author), زحيلي، اشراف وهبي (Author)
Format: Book
Language:Arabic
Published: Amman : Dar al-Nafa'is lil Nashr wa al-Tawzi' , 2007
Edition:الطبعة 1
Subjects:

MARC

LEADER 00000cam a2200000 7i4500
001 0000079679
005 20130109093000.0
008 120705s2007 jo ara
050 0 0 |a BP158.J79   |b B37 2007 
090 0 0 |a BP158.J79   |b B37 2007 
100 1 |a بركات، محمود محمد ناصر ,   |e author 
241 1 3 |a al-Sultah al-taqdiriyah lil-qadi fi al-fiqh al-Islami 
245 1 2 |a السلطة التقديرية للقاضي في الفقه الاسلامي   |c د. محمود محمد ناصر بركات؛ اشراف وهبي الزحيلي 
250 |a الطبعة 1 
260 |a Amman :   |b Dar al-Nafa'is lil Nashr wa al-Tawzi' ,   |c 2007 
300 |a 592 p. ;   |c 25 cm. 
504 |a Includes bibliographical references (p. 566-579) and index 
650 0 |a Judges (Islamic law) 
650 0 |a Judicial power (Islamic law) 
700 1 |a زحيلي، اشراف وهبي ,   |e author 
999 |a 1000148187   |b Book   |c OPEN SHELF (30 DAYS)   |e Gong Badak Campus